[Event "Agneaux St Lo op 16th"]
[Site "Agneaux"]
[Date "2014.07.10"]
[Round "6"]
[White "Vavric, Pavel"]
[Black "Chaplain, Fabrice"]
[Result "1-0"]
[WhiteElo "2235"]
[BlackElo "2088"]
[PlyCount "61"]
[EventDate "2014.07.06"]
[EventType "swiss"]
[EventRounds "9"]
[EventCountry "FRA"]
[SourceTitle "EXT 2015"]
[Source "ChessBase"]
[SourceDate "2014.11.20"]
[SourceVersion "1"]
[SourceVersionDate "2014.11.20"]
[SourceQuality "1"]

1. e4 c5 2. Nf3 Nc6 3. Bb5 g6 4. Bxc6 dxc6 5. d3 Bg7 6. h3 Nf6 7. Nc3 Nd7 8. Be3 b6 9. Qd2 e5 10. Bh6 0-0 11. 0-0 Qe7 12. Bxg7 Kxg7 13. Nh2 Re8 14. Ng4 Nf8 15. Nh2 Ne6 16. Ne2 Nd4 17. f4 Nxe2+ 18. Qxe2 exf4 19. Rxf4 Qe5 20. Raf1 f6 21. Rxf6 Qxf6 22. Rxf6 Kxf6 23. Qf2+ Kg7 24. Qf4 Re7 25. Qd6 Rf7 26. Nf3 Rf6 27. Qe7+ Rf7 28. Qe5+ Kh6 29. Ng5 Rf8 30. Qe7 Ba6 31. Ne6 1-0

[Event "Caen op"]
[Site "Caen"]
[Date "2013.11.01"]
[Round "3"]
[White "Leconte, Maria"]
[Black "Chaplain, Fabrice"]
[Result "1/2-1/2"]
[WhiteElo "2270"]
[BlackElo "2109"]
[PlyCount "100"]
[EventDate "2013.10.31"]
[EventType "swiss"]
[EventRounds "7"]
[EventCountry "FRA"]
[SourceTitle "EXT 2015"]
[Source "ChessBase"]
[SourceDate "2014.11.20"]
[SourceVersion "1"]
[SourceVersionDate "2014.11.20"]
[SourceQuality "1"]

1. d4 Nf6 2. Bg5 g6 3. Bxf6 exf6 4. e3 Bg7 5. Bd3 f5 6. Ne2 d6 7. 0-0 0-0 8. Nd2 Nd7 9. c3 Re8 10. Qc2 Nf6 11. Nf4 Bd7 12. b4 Bc6 13. Qb3 b6 14. Bc4 Qe7 15. Nd5 Nxd5 16. Bxd5 Bxd5 17. Qxd5 a5 18. b5 Bh6 19. g3 Bg7 20. a4 h5 21. h4 Rad8 22. c4 Qe6 23. Qf3 Qf6 24. Rac1 Bh6 25. Nb3 Re4 26. Rc3 Rde8 27. Nd2 R4e7 28. Rd3 Kh7 29. Rc1 Re6 30. Nb1 f4 31. gxf4 Qxh4 32. Nc3 g5 33. f5 g4 34. Qh1 Qxh1+ 35. Kxh1 Rf6 36. Nd5 Rxf5 37. Rc2 h4 38. Nxc7 Rc8 39. e4 Rxf2 40. Rxf2 Rxc7 41. c5 dxc5 42. d5 Kg6 43. e5 Bg7 44. e6 fxe6 45. dxe6 Bd4 46. Rf4 Re7 47. Rxg4+ Kf5 48. Rxh4 Rxe6 49. Kg2 Ke5 50. Rh5+ Ke4 1/2-1/2

[Event "FRA-ch op-A"]
[Site "Caen"]
[Date "2011.08.23"]
[Round "7"]
[White "Heinrich, Nicolas"]
[Black "Chaplain, Fabrice"]
[Result "1/2-1/2"]
[WhiteElo "1998"]
[BlackElo "2133"]
[PlyCount "52"]
[EventDate "2011.08.16"]
[EventType "swiss"]
[EventRounds "11"]
[EventCountry "FRA"]
[SourceTitle "CBM 144 Extra"]
[Source "ChessBase"]
[SourceDate "2011.10.28"]
[SourceVersion "1"]
[SourceVersionDate "2011.10.28"]
[SourceQuality "1"]

1. e4 c5 2. Nf3 Nc6 3. Bb5 g6 4. Bxc6 dxc6 5. d3 Bg7 6. h3 Nf6 7. Nc3 Nd7 8. Be3 e5 9. Qd2 Qe7 10. 0-0 Nf8 11. Bh6 Ne6 12. Bxg7 Nxg7 13. Nh2 0-0 14. f4 exf4 15. Qxf4 f5 16. Rae1 Nh5 17. Qh6 f4 18. Nf3 Be6 19. Qg5 Qd6 20. e5 Qc7 21. Ne4 Rf5 22. Qh4 b6 23. Nd6 Rff8 24. Ng5 Qe7 25. Nf3 Qg7 26. Ng5 Qe7 1/2-1/2

[Event "FRA-ch op-A"]
[Site "Caen"]
[Date "2011.08.19"]
[Round "4"]
[White "Chaplain, Fabrice"]
[Black "Malka, Samuel"]
[Result "0-1"]
[WhiteElo "2133"]
[BlackElo "2071"]
[PlyCount "54"]
[EventDate "2011.08.16"]
[EventType "swiss"]
[EventRounds "11"]
[EventCountry "FRA"]
[SourceTitle "CBM 144 Extra"]
[Source "ChessBase"]
[SourceDate "2011.10.28"]
[SourceVersion "1"]
[SourceVersionDate "2011.10.28"]
[SourceQuality "1"]

1. c4 Nf6 2. Nc3 g6 3. g3 d5 4. cxd5 Nxd5 5. Bg2 Nb6 6. Nf3 Bg7 7. 0-0 0-0 8. d3 Nc6 9. Be3 e5 10. Qc1 Re8 11. Rd1 Nd4 12. Bh6 Bg4 13. Nxd4 exd4 14. Ne4 Nd5 15. Bxg7 Kxg7 16. Qc4 Nf6 17. Rd2 Be6 18. Qa4 Nxe4 19. Bxe4 Rb8 20. Qxa7 b6 21. Qa4 c5 22. Rc1 Qg5 23. f4 Qh5 24. b4 c4 25. dxc4 Bxc4 26. Bf3 Qh3 27. b5 Qe6 0-1

[Event "FRA-ch op-A"]
[Site "Caen"]
[Date "2011.08.18"]
[Round "3"]
[White "Heurtebize, Christophe"]
[Black "Chaplain, Fabrice"]
[Result "0-1"]
[WhiteElo "2084"]
[BlackElo "2133"]
[PlyCount "56"]
[EventDate "2011.08.16"]
[EventType "swiss"]
[EventRounds "11"]
[EventCountry "FRA"]
[SourceTitle "CBM 144 Extra"]
[Source "ChessBase"]
[SourceDate "2011.10.28"]
[SourceVersion "1"]
[SourceVersionDate "2011.10.28"]
[SourceQuality "1"]

1. d4 Nf6 2. c4 g6 3. Nc3 Bg7 4. e4 d6 5. Nf3 0-0 6. Be2 e5 7. 0-0 Na6 8. d5 Nc5 9. Nd2 a5 10. b3 Nfd7 11. Bb2 f5 12. a3 Nf6 13. f3 Bh6 14. Bc1 Be3+ 15. Kh1 Nh5 16. g3 f4 17. g4 Nf6 18. b4 axb4 19. Ncb1 h5 20. Nb3 Nxb3 21. Qxb3 Bxc1 22. Rxc1 hxg4 23. Rg1 Kg7 24. Qxb4 Rh8 25. fxg4 Nxe4 26. Bf3 Rxh2+ 27. Kxh2 Qh4+ 28. Kg2 Qg3+ 0-1

[Event "FRA-chT3 Gr06 0607"]
[Site "France"]
[Date "2007.01.21"]
[Round "5.4"]
[White "Chaplain, Fabrice"]
[Black "Kerebel, Regis"]
[Result "1-0"]
[WhiteElo "2115"]
[BlackElo "2000"]
[PlyCount "75"]
[EventDate "2006.10.15"]
[EventType "team"]
[EventRounds "9"]
[EventCountry "FRA"]
[SourceTitle "EXT 2008"]
[Source "ChessBase"]
[SourceDate "2007.11.25"]
[SourceVersion "1"]
[SourceVersionDate "2007.11.25"]
[SourceQuality "1"]
[WhiteTeam "Cherbourg Octeville"]
[BlackTeam "Lesneven"]
[WhiteTeamCountry "FRA"]
[BlackTeamCountry "FRA"]

1. c4 Nf6 2. Nc3 d5 3. cxd5 Nxd5 4. g3 e5 5. Bg2 c6 6. Nf3 f6 7. 0-0 Bc5 8. d4 exd4 9. Nxd4 Nxc3 10. bxc3 0-0 11. Qa4 Qe7 12. e4 f5 13. Bg5 Qxg5 14. Qc4+ Rf7 15. Qxc5 Na6 16. Qc4 fxe4 17. Bxe4 Bh3 18. Bxh7+ Kxh7 19. Qxf7 Bxf1 20. Rxf1 Nc5 21. Re1 Qg6 22. Qe7 b6 23. Nf3 a5 24. Qh4+ Kg8 25. Qc4+ Kh7 26. Re5 Re8 27. Qh4+ Kg8 28. Rh5 Ne4 29. Ne5 Rxe5 30. Rxe5 Nf6 31. Qc4+ Nd5 32. Qb3 Qd6 33. Re1 Qc5 34. c4 Nf6 35. Qd3 a4 36. a3 b5 37. cxb5 cxb5 38. Rb1 1-0

[Event "FRA-chT3 Gr06 0607"]
[Site "France"]
[Date "2006.11.25"]
[Round "2.1"]
[White "Pinot, Christophe"]
[Black "Chaplain, Fabrice"]
[Result "1/2-1/2"]
[WhiteElo "1994"]
[BlackElo "2113"]
[PlyCount "60"]
[EventDate "2006.10.15"]
[EventType "team"]
[EventRounds "9"]
[EventCountry "FRA"]
[SourceTitle "EXT 2008"]
[Source "ChessBase"]
[SourceDate "2007.11.25"]
[SourceVersion "1"]
[SourceVersionDate "2007.11.25"]
[SourceQuality "1"]
[WhiteTeam "Rennes Paul Bert II"]
[BlackTeam "Cherbourg Octeville"]
[WhiteTeamCountry "FRA"]
[BlackTeamCountry "FRA"]

1. d4 d5 2. c4 c6 3. Nf3 Nf6 4. e3 Bf5 5. cxd5 cxd5 6. Qb3 Qc7 7. Bd2 e6 8. Bb5+ Nc6 9. 0-0 a6 10. Bxc6+ bxc6 11. Rc1 c5 12. dxc5 Bxc5 13. Bb4 Nd7 14. Bxc5 Rc8 15. Nbd2 Nxc5 16. Qc3 Kd7 17. Qa3 Qd6 18. Rc3 Ne4 19. Qa4+ Ke7 20. Nxe4 Bxe4 21. Rac1 Rxc3 22. Rxc3 Bxf3 23. gxf3 Rb8 24. Qc2 h6 25. b3 Kd7 26. f4 Rb6 27. Qh7 Qf8 28. Qc2 Qd6 29. Qh7 Qf8 30. Qc2 Qd6 1/2-1/2

[Event "FRA-chT3 Gr06 0607"]
[Site "France"]
[Date "2006.10.15"]
[Round "1.1"]
[White "Chaplain, Fabrice"]
[Black "Veron, Cyprien"]
[Result "1/2-1/2"]
[WhiteElo "2113"]
[BlackElo "2122"]
[PlyCount "100"]
[EventDate "2006.10.15"]
[EventType "team"]
[EventRounds "9"]
[EventCountry "FRA"]
[SourceTitle "EXT 2008"]
[Source "ChessBase"]
[SourceDate "2007.11.25"]
[SourceVersion "1"]
[SourceVersionDate "2007.11.25"]
[SourceQuality "1"]
[WhiteTeam "Cherbourg Octeville"]
[BlackTeam "St Hilaire Petitville"]
[WhiteTeamCountry "FRA"]
[BlackTeamCountry "FRA"]

1. e4 e5 2. Nf3 Nc6 3. Nc3 Nf6 4. g3 Bc5 5. Bg2 d6 6. d3 h6 7. Na4 Bb6 8. 0-0 Bg4 9. Nxb6 axb6 10. h3 Be6 11. d4 exd4 12. Nxd4 Nxd4 13. Qxd4 Qd7 14. Kh2 Ra4 15. Qe3 0-0 16. Re1 Re8 17. b3 Ra5 18. Bb2 Nh7 19. Qd4 f6 20. f4 Kh8 21. a3 Bxh3 22. Bxh3 Rh5 23. g4 Qxg4 24. Qe3 Rxe4 25. Qg3 Qe6 26. Rxe4 Qxe4 27. Re1 Qxc2+ 28. Qg2 Qxg2+ 29. Kxg2 Kg8 30. Be6+ Kf8 31. Kg3 Rc5 32. Bd4 Ra5 33. a4 g5 34. Bc3 Rc5 35. Bb4 gxf4+ 36. Kxf4 Re5 37. Rxe5 fxe5+ 38. Kf5 Ke7 39. Bc8 Nf6 40. Bd2 Nd7 41. b4 c5 42. Bxh6 cxb4 43. Bxb7 b3 44. Bc6 b2 45. Be4 Nc5 46. Bc2 Kd7 47. Bd2 Kc7 48. Bb4 Nxa4 49. Ke6 Nc5+ 50. Kd5 b5 1/2-1/2

[Event "FICGS class A 000004 email"]
[Site "FICGS email"]
[Date "2006.05.04"]
[Round "1"]
[White "Angeli, David"]
[Black "Chaplain, Fabrice"]
[Result "1-0"]
[WhiteElo "2117"]
[BlackElo "2095"]
[PlyCount "25"]
[EventDate "2006.??.??"]
[EventType "tourn (corr)"]
[EventRounds "6"]
[SourceTitle "Corr 2022"]
[Source "ChessBase"]
[SourceDate "2021.10.24"]
[SourceVersion "1"]
[SourceVersionDate "2021.10.24"]
[SourceQuality "1"]

1. e4 c5 2. d4 cxd4 3. c3 dxc3 4. Nxc3 Nc6 5. Nf3 e6 6. Bc4 a6 7. 0-0 Nge7 8. Bg5 f6 9. Be3 Ng6 10. Nd4 Nxd4 11. Qxd4 b5 12. Bb3 Bb7 13. f4 1-0

[Event "FICGS class A 000004 email"]
[Site "FICGS email"]
[Date "2006.05.04"]
[Round "1"]
[White "Chaplain, Fabrice"]
[Black "White Corrales, Nicolas"]
[Result "0-1"]
[WhiteElo "2095"]
[BlackElo "2155"]
[PlyCount "40"]
[EventDate "2006.??.??"]
[EventType "tourn (corr)"]
[EventRounds "6"]
[SourceTitle "Corr 2022"]
[Source "ChessBase"]
[SourceDate "2021.10.24"]
[SourceVersion "1"]
[SourceVersionDate "2021.10.24"]
[SourceQuality "1"]

1. e4 e5 2. Nf3 Nc6 3. Nc3 Nf6 4. d4 exd4 5. Nxd4 Bb4 6. Nxc6 bxc6 7. Bd3 d5 8. exd5 cxd5 9. 0-0 0-0 10. Bg5 c6 11. Na4 h6 12. Bh4 Re8 13. c4 Bd6 14. Rc1 Bf4 15. Rc2 Bg4 16. f3 Be6 17. cxd5 Bxd5 18. Nc3 Qd6 19. Kh1 Re5 20. Nxd5 Rxd5 0-1

[Event "FICGS class A 000004 email"]
[Site "FICGS email"]
[Date "2006.05.04"]
[Round "1"]
[White "Sobrecases, Guy"]
[Black "Chaplain, Fabrice"]
[Result "1-0"]
[WhiteElo "2105"]
[BlackElo "2095"]
[PlyCount "43"]
[EventDate "2006.??.??"]
[EventType "tourn (corr)"]
[EventRounds "6"]
[SourceTitle "Corr 2022"]
[Source "ChessBase"]
[SourceDate "2021.10.24"]
[SourceVersion "1"]
[SourceVersionDate "2021.10.24"]
[SourceQuality "1"]

1. e4 c5 2. Nf3 Nc6 3. d4 cxd4 4. Nxd4 Nf6 5. Nc3 e5 6. Ndb5 d6 7. Bg5 a6 8. Na3 b5 9. Nd5 Be7 10. Bxf6 Bxf6 11. c3 Ne7 12. Nc2 Nxd5 13. Qxd5 Rb8 14. Nb4 Bb7 15. Qd3 0-0 16. Rd1 Bg5 17. Be2 a5 18. Nd5 Bxd5 19. Qxd5 b4 20. cxb4 Rxb4 21. b3 a4 22. Bc4 1-0

[Event "FICGS rapid A 000001 email"]
[Site "FICGS email"]
[Date "2006.04.30"]
[Round "1"]
[White "Chaplain, Fabrice"]
[Black "Ould Ahmed, Samy"]
[Result "0-1"]
[WhiteElo "2095"]
[BlackElo "2166"]
[PlyCount "24"]
[EventDate "2006.??.??"]
[EventType "tourn (rapid)"]
[EventRounds "6"]
[SourceTitle "Corr 2022"]
[Source "ChessBase"]
[SourceDate "2021.10.24"]
[SourceVersion "1"]
[SourceVersionDate "2021.10.24"]
[SourceQuality "1"]

1. e4 e5 2. Nf3 Nc6 3. Nc3 Nf6 4. g3 Bc5 5. Bg2 d6 6. d3 a6 7. 0-0 0-0 8. Be3 Bxe3 9. fxe3 Ne7 10. d4 Ng6 11. Qd3 c6 12. Nd2 h5 0-1

[Event "Agneaux St Lo op"]
[Site "Agneaux"]
[Date "2005.07.15"]
[Round "8"]
[White "Chaplain, Fabrice"]
[Black "Bleuzen, Erwan"]
[Result "1/2-1/2"]
[WhiteElo "2091"]
[BlackElo "1994"]
[PlyCount "147"]
[EventDate "2005.07.08"]
[EventType "swiss"]
[EventRounds "9"]
[EventCountry "FRA"]
[SourceTitle "CBM 107 Extra"]
[Source "ChessBase"]
[SourceDate "2005.09.01"]
[SourceVersion "1"]
[SourceVersionDate "2005.09.01"]
[SourceQuality "1"]

1. e4 c5 2. Nf3 Nc6 3. d4 cxd4 4. Nxd4 e5 5. Nb5 d6 6. N1c3 a6 7. Na3 b5 8. Nd5 Nge7 9. c3 Nxd5 10. Qxd5 Qc7 11. Nc2 Bb7 12. Qd3 Ne7 13. a4 bxa4 14. Rxa4 d5 15. exd5 Nxd5 16. Be2 Bc5 17. Qg3 0-0 18. 0-0 f5 19. Bf3 e4 20. Qxc7 Nxc7 21. Be2 Nd5 22. Bc4 Kh8 23. Ra5 Rfc8 24. b4 Bxf2+ 25. Rxf2 Rxc4 26. Rxf5 Rxc3 27. Rc5 Rc8 28. Bb2 R3xc5 29. bxc5 Kg8 30. Bd4 a5 31. Re5 Nf4 32. Be3 Nd3 33. Rf5 g6 34. Rg5 Kf7 35. Na3 h6 36. Rg4 Nxc5 37. Nb5 Nd3 38. Nd6+ Kf6 39. Nxc8 Bxc8 40. Rxe4 h5 41. Ra4 Bf5 42. Rxa5 Ke6 43. Rb5 Ne5 44. h3 Bd3 45. Rb6+ Kf5 46. Kf2 Bc4 47. Rb8 g5 48. Rf8+ Nf7 49. g3 Bd5 50. Bb6 Be6 51. Bc7 Kg6 52. Kg2 Bd5+ 53. Kh2 Be6 54. Rb8 Kg7 55. Rb4 Bf5 56. Kg2 Bd7 57. Rb6 Bf5 58. h4 gxh4 59. gxh4 Bg4 60. Kg3 Bd1 61. Kf4 Bg4 62. Ke4 Bd1 63. Be5+ Nxe5 64. Kxe5 Bg4 65. Kf4 Kf7 66. Kg5 Kg7 67. Rd6 Kf7 68. Kf4 Kg7 69. Kg5 Kf7 70. Kh6 Bf3 71. Rd4 Bg4 72. Rf4+ Ke6 73. Kg6 Ke5 74. Rf1 1/2-1/2

[Event "Agneaux St Lo op"]
[Site "Agneaux"]
[Date "2005.07.11"]
[Round "4"]
[White "Chaplain, Fabrice"]
[Black "Hocher, Eugene"]
[Result "1-0"]
[WhiteElo "2091"]
[BlackElo "1820"]
[PlyCount "101"]
[EventDate "2005.07.08"]
[EventType "swiss"]
[EventRounds "9"]
[EventCountry "FRA"]
[SourceTitle "CBM 107 Extra"]
[Source "ChessBase"]
[SourceDate "2005.09.01"]
[SourceVersion "1"]
[SourceVersionDate "2005.09.01"]
[SourceQuality "1"]

1. e4 e6 2. d4 d5 3. e5 c5 4. c3 Nc6 5. Nf3 Qb6 6. Na3 a5 7. Nc2 c4 8. Be2 Nge7 9. 0-0 Ng6 10. Rb1 a4 11. Re1 h6 12. Ne3 Be7 13. Nf1 Nh4 14. Nxh4 Bxh4 15. Ng3 g6 16. Be3 Qd8 17. Qd2 h5 18. Bd1 Bd7 19. Bc2 b5 20. Nf1 Be7 21. a3 Qc7 22. Bg5 Qd8 23. Bxe7 Qxe7 24. Qf4 0-0-0 25. Nd2 Rdf8 26. Nf3 Qe8 27. Re2 Ne7 28. Rbe1 Ng8 29. Re3 Qe7 30. Ng5 Be8 31. Rf3 Nh6 32. Kf1 Kd7 33. Nh3 Ng4 34. Ng5 Nxh2+ 35. Qxh2 Qxg5 36. Ree3 Qh6 37. Rf6 Qg5 38. Bd1 Qh6 39. Bf3 Kc6 40. Qh3 Bd7 41. Bxd5+ Kc7 42. Be4 Qg7 43. Bf3 g5 44. Be4 h4 45. Qg4 Rh6 46. Ref3 Rxf6 47. Rxf6 Rh8 48. Qf3 Rf8 49. Qe3 Rc8 50. d5 exd5 51. Qb6# 1-0